000
00324 a2200157 4500
001
175372
020
_a
040
_c
Magnum
100
_a
Chapelle, Reine-Marie Paris de La
240
1
0
_a
Camille Claudel
_l
por
245
1
0
_a
Camille Claudel
300
_a
192
362
0
_a
1997
697
_a
MISCELÂNEA
942
_c
BK
999
_c
175372
_d
175372